000 00907nam a22001697a 4500
999 _c58036
_d58036
003 Ge_BSU
005 20210518144752.0
008 210518s1969 ge ||||| |||| 00| 0 geo d
041 _ageo
080 _a621.3.01(076.1) შ-36
100 _aშებესი, მ.
_911826
245 _aელექტროტექნიკის თეორიული საფუძვლები :
_bნაწ. 2 /
_cმ. შებესი.
300 _a343 გვ. :
_bილ. და ცხრილ.
_c23 სმ.
653 _aელექტროტექნიკის თეორია
710 _aსსრკ კავშირგაბმლობის სამინისტრო. კავშირგაბმულობის საკავშირო დაუსწრებელი ელექტროტექნიკის ინსტიტუტი.
_911827
942 _2udc
_cBK